Vista normal
Vista MARC
- Lemay, Laura
Entrada Personal Name
Número de registros utilizados en: 1
001 - CONTROL NUMBER
- control field: 81358
003 - CONTROL NUMBER IDENTIFIER
- control field: OSt
005 - DATE AND TIME OF LATEST TRANSACTION
- control field: 20230627155842.0
008 - FIXED-LENGTH DATA ELEMENTS
- fixed length control field: 230627|| aca||aabn | a|a d
040 ## - CATALOGING SOURCE
- Original cataloging agency: OSt
- Transcribing agency: OSt
100 ## - HEADING--PERSONAL NAME
- Personal name: Lemay, Laura
670 ## - SOURCE DATA FOUND
- Source citation: Work cat.: (OSt)4339: Lemay, Laura, Aprendiendo Java 2 en 21 días